000 00362nam a2200145Ia 4500
008 230917s9999||||xx |||||||||||||| ||und||
040 _e107782
_aMAIN
041 _aEnglish
082 _a658.3 T349M
100 _aThite, Mohan
245 0 _aManaginng people in the new economy
260 _aNew Delhi
_bResponse Books
_c2004
300 _a293 p.
942 _cBK
999 _c119841
_d119841